| 000 | 01153nam0a2200313 4500 | ||
|---|---|---|---|
| 001 | RU\NLR\bibl\916551 | ||
| 005 | 20260408191235.0 | ||
| 010 |
_a5-9535-0083-1 _9150 |
||
| 021 |
_aRU _b2005-85736 _94246 |
||
| 035 | _a(NLR Aleph) 000904856 | ||
| 090 |
_a13296 _c13296 |
||
| 100 | _a20060315d2005 |||y0rusy50 ca | ||
| 101 | 0 | _arus | |
| 102 | _aRU | ||
| 105 | _aa ||||||||| | ||
| 200 | 1 |
_aБезработица в постсоветской России _eспециальная компонента _fредкол. Клопов Э.В. [и др.] |
|
| 210 |
_aМосква _cИМЭМО РАН _d2005 |
||
| 215 |
_a129 с. _cил. _d28 |
||
| 225 | 1 |
_aСоциально-трудовые исследования _vвып. 17 |
|
| 320 | _aБиблиогр. в подстроч. примеч. | ||
| 606 |
_8rus _aБезработица _yРоссийская Федерация _7ca _jСборники _3RU\NLR\auth\661266922 _92093549 |
||
| 686 | _aУ24(2)058я43 | ||
| 702 | 1 |
_aКлопов _bЭ. В. _4340 |
|
| 801 | 0 |
_aRU _bNLR _c20060315 _grcr |
|
| 801 | 1 |
_aRU _bNLR _c20060315 |
|
| 852 |
_aNLR _jП23/3873 |
||
| 942 | _cBOOK | ||
| 980 | _aNB | ||